书目信息 |
| 题名: |
日历上的百科知识366天
|
|
| 作者: | 胡建中 编 ;封面设计 周建民 | |
| 分册: | ||
| 出版信息: | 北京 中国少年儿童出版社 1982 |
|
| 页数: | 451页 | |
| 开本: | 20cm | |
| 丛书名: | ||
| 单 册: | ||
| 中图分类: | Z228 , I287.5 | |
| 科图分类: | ||
| 主题词: | 儿童文学--中国 , 儿童文学--中国--丛书 | |
| 电子资源: | ||
| ISBN: | ||
| 000 | 00761nam0 2200241 450 | |
| 001 | 1546931724 | |
| 005 | 20150128075822.84 | |
| 010 | @dCNY1.05 | |
| 100 | @a20060817d1982 km y0chiy0120 ea | |
| 101 | 0 | @achi |
| 102 | @aCN@b110000 | |
| 102 | @aCN@b110000 | |
| 200 | 1 | @a日历上的百科知识366天@Ari li shang de bai ke zhi shi 366 tian@f胡建中编@Fhu jian zhong bian@g封面设计 周建民@Gfeng mian she ji zhou jian min |
| 210 | @a北京@c中国少年儿童出版社@d1982 | |
| 215 | @a451页@c图@d20cm | |
| 606 | 0 | @a儿童文学@x中国 |
| 606 | 0 | @a儿童文学@x中国@x丛书 |
| 690 | @aZ228@v3 | |
| 690 | @aI287.5@v4 | |
| 701 | 0 | @a胡建中@Ahu jian zhong@4编 |
| 702 | 0 | @a封面设计 周建民@Afeng mian she ji zhou jian min |
| 801 | 0 | @aCN@bTSSF@c20150128 |
| 905 | @a10447@dI287.5@eJY34 | |
| 日历上的百科知识366天/胡建中编/封面设计 周建民.-北京:中国少年儿童出版社,1982 |
| 451页:图;20cm |
| ISBN :CNY1.05 |
| ● |
| 相关链接 |
|
|
|
|
正题名:日历上的百科知识366天
索取号:I287.5/JY34
 
预约/预借
| 序号 | 登录号 | 条形码 | 馆藏地/架位号 | 状态 | 备注 |
| 1 | 7851017 | 278510176 | 学院路分馆/ [索取号:I287.5/JY34] | 在馆 | |
| 2 | 7851018 | 278510185 | 学院路分馆/ [索取号:I287.5/JY34] | 在馆 | |
| 3 | 7851019 | 278510194 | 学院路分馆/ [索取号:I287.5/JY34] | 在馆 | |
| 4 | 7851020 | 278510201 | 学院路分馆/ [索取号:I287.5/JY34] | 在馆 | |
| 5 | 7851021 | 278510210 | 学院路分馆/ [索取号:I287.5/JY34] | 在馆 |